11 principles to achieve financial freedom/ (Record no. 162944)

MARC details
000 -LEADER
fixed length control field 00685nam a22002057a 4500
005 - DATE AND TIME OF LATEST TRANSACTION
control field 20190325113616.0
008 - FIXED-LENGTH DATA ELEMENTS--GENERAL INFORMATION
fixed length control field 190325b ||||| |||| 00| 0 eng d
010 ## - LCCN (DPL NO)
LC control number ENG-124924
020 ## - INTERNATIONAL STANDARD BOOK NUMBER
Terms of availability 499.00
International Standard Book Number 9789380200682
035 ## - SYSTEM CONTROL NUMBER
System control number EN-108456
037 ## - SOURCE OF ACQUISITION
Source of stock number/acquisition DBAD/PUB
040 ## - CATALOGING SOURCE
Original cataloging agency DPL
Language of cataloging English
082 ## - DEWEY DECIMAL CLASSIFICATION NUMBER
Classification number 332.024
100 ## - MAIN ENTRY--PERSONAL NAME
Personal name Desai, Nandish
245 ## - TITLE STATEMENT
Title 11 principles to achieve financial freedom/
Remainder of title by Nandish Desai; forwarded by Manish Chauhan
260 ## - PUBLICATION, DISTRIBUTION, ETC. (IMPRINT)
Place of publication, distribution, etc New Delhi
Name of publisher, distributor, etc Network18 Publications
Date of publication, distribution, etc 2010
270 ## - ADDRESS
Address 507, Prabhat Kiran, 17, Rajendra Place,
City New Delhi
Postal code 110 008
300 ## - PHYSICAL DESCRIPTION
Extent 156p. :
Dimensions 24cm (Hb)
Other physical details ill.
942 ## - ADDED ENTRY ELEMENTS (KOHA)
Institution code [OBSOLETE] dpl
Item type English Books
Source of classification or shelving scheme Dewey Decimal Classification
Classification part 332.024
Call number suffix DES
Holdings
Withdrawn status Lost status Source of classification or shelving scheme Damaged status Not for loan Collection code Home library Current library Date acquired Source of acquisition Cost, normal purchase price Total Checkouts Full call number Barcode Date last seen Copy number Cost, replacement price Koha item type
    Dewey Decimal Classification   Not For Loan Non-fiction D.B.Act.Division Patel Nagar 25/03/2019 DBAD/PUB 499.00   332.024 DES EN-108456 25/03/2019 1 499.00 English Books

© Delhi Public Library
Hit Counter
free hit counter